| 000 | 00700nam a2200241 4500 | ||
|---|---|---|---|
| 003 | LK-CoMWRAF | ||
| 005 | 20230912051800.0 | ||
| 008 | 230912b2002 |||||||| |||| 00| 0 eng d | ||
| 020 | _a0300094221 | ||
| 040 |
_aLK-CoMWRAF _dLK-CoMWRAF _eLK-CoMWRAF |
||
| 041 | _aeng | ||
| 082 |
_a909.097 _bBLO |
||
| 100 | _aBloom , Jonathan | ||
| 110 | _aBlair, Sheila | ||
| 245 |
_aIslam : _bA thousand years of faith and power |
||
| 260 |
_aNew Haven ; London : _bYale Nota Bene, _c2002 |
||
| 300 | _a268 p., [32] p. of plates : col. ill., maps,ports. ; 20 cm. | ||
| 650 | _a Civilization | ||
| 650 | _aIslamic | ||
| 650 | _aIslam -- History | ||
| 650 | _aIslamic Empire -- History | ||
| 942 | _cBK | ||
| 999 |
_c3552 _d3552 |
||